000 00293nam a22001337a 4500
008 170522b xxu||||| |||| 00| 0 eng d
020 _a9780673399083
041 _aeng
080 _26TH
_a94
100 _a16
101 _aSHH
245 _aPEOPLE OF THE EARTH
_cFAGAN, B.M
942 _2udc
_cBK
999 _c13804
_d13804